[Event "AUTO-OPEN-2984"]
[Site "http://www.queenalice.com/game.php?id=1178869"]
[Date "2013.5.5"]
[Round "1"]
[White "BobGomes"]
[Black "simoneb78"]
[Result "1-0"]
[WhiteElo "2026"]
[BlackElo "1890"]

1. e4 e5 2. Nf3 Nc6 3. d4 exd4 4. Nxd4 Nf6 5. Nxc6 bxc6 6. Bd3 d5 7. O-O dxe4 8.
Re1 Bf5 9. f3 Qd4+ 10. Kh1 O-O-O 11. Ba6+ Kb8 12. Qxd4 Rxd4 13. Be3 Ra4 14. Be2
Be7 15. Nc3 Ra5 16. a3 Bd8 17. Rad1 Nd5 18. Nxd5 cxd5 19. fxe4 Bxe4 20. Bd3 Bh4
21. Re2 Re8 22. Kg1 c5 23. g3 Bf6 24. c3 Bxd3 25. Bf4+ Be5 26. Rxe5 Rxe5 27.
Bxe5+ Kb7 28. Rxd3 c4 29. Re3 Rb5 30. Re2 f6 31. Bd4 Rb6 32. Bxb6 axb6 33. Re7+
Kc6 34. Rxg7 Kc5 35. Rxh7 Kd6 36. h4 Ke5 37. Rb7 d4 38. cxd4+ Kxd4 39. Rxb6 1-0

[Event "AUTO-OPEN-2984"]
[Site "http://www.queenalice.com/game.php?id=1178870"]
[Date "2013.5.5"]
[Round "1"]
[White "simoneb78"]
[Black "BobGomes"]
[Result "0-1"]
[WhiteElo "1857"]
[BlackElo "2033"]

1. e4 e5 2. Nf3 Nf6 3. Bc4 Nxe4 4. Nxe5 d5 5. Nxf7 Kxf7 6. Qh5+ Ke6 7. Qxd5+
Qxd5 8. Bxd5+ Kxd5 9. c4+ Kxc4 10. O-O Bc5 11. d3+ Kxd3 12. Rd1+ Kc4 13. b3+ Kb5
14. a4+ Kc6 15. b4 Bd6 16. b5+ Kd7 17. Bf4 Rf8 18. Bxd6 Nxd6 19. Ra3 Kd8 20. Re3
b6 21. Nc3 Bb7 22. Nd5 Bxd5 23. Rxd5 Re8 24. Rdd3 Rxe3 25. Rxe3 Nd7 26. g4 Nf6
27. g5 Nfe4 28. h4 Kd7 29. f3 Ng3 30. f4 Nge4 31. f5 Rf8 32. g6 Rxf5 33. gxh7
Rh5 34. h8=Q Rxh8 35. Rh3 c6 36. bxc6+ Kxc6 37. h5 a5 38. Kg2 Nf6 39. Rc3+ Kd5
40. Rd3+ Kc5 41. Rc3+ Kb4 42. Rc6 Nc4 0-1

[Event "AUTO-OPEN-2984"]
[Site "http://www.queenalice.com/game.php?id=1178893"]
[Date "2013.5.5"]
[Round "1"]
[White "pgierech"]
[Black "simoneb78"]
[Result "1-0"]
[WhiteElo "2022"]
[BlackElo "1835"]

1. c4 Nf6 2. Nc3 e6 3. d4 Bb4 4. Nf3 d5 5. e3 Nc6 6. a3 Bxc3+ 7. bxc3 O-O 8.
cxd5 exd5 9. Bd3 Re8 10. O-O Ne4 11. Qc2 Bf5 12. Nd2 Qg5 13. Nf3 Qg6 14. Nh4 Qg4
15. Nxf5 Qxf5 16. f3 Qg6 17. fxe4 dxe4 18. Bb5 Re6 19. d5 Re5 20. c4 Ne7 21. Rf4
Nf5 22. Qf2 c6 23. Bb2 Qf6 24. Ba4 g5 25. Rg4 b5 26. cxb5 cxb5 27. Bb3 h5 28.
Rxe4 Rae8 29. Bxe5 Rxe5 30. Qb2 Nxe3 31. Rxe5 Kf8 32. Re8+ Kg7 33. Rg8+ 1-0

[Event "AUTO-OPEN-2984"]
[Site "http://www.queenalice.com/game.php?id=1178894"]
[Date "2013.5.5"]
[Round "1"]
[White "simoneb78"]
[Black "pgierech"]
[Result "0-1"]
[WhiteElo "1632"]
[BlackElo "2029"]

1. e4 d5 2. exd5 Qxd5 3. Nc3 Qa5 4. d4 Nf6 5. Bd2 c6 6. Nf3 Bg4 7. Bc4 e6 8. Nd5
Qd8 9. Ne3 Be7 10. Bd3 Bxf3 11. Qxf3 Qxd4 12. O-O O-O 13. Bc3 Qh4 14. Rad1 Nbd7
15. Bxf6 Nxf6 16. Bc4 Rad8 17. Rd3 Rxd3 18. Bxd3 Rd8 19. Rd1 Qh5 20. Be2 Rxd1+
21. Bxd1 Qxf3 22. Bxf3 Nd7 23. Nc4 Nb6 24. Na5 Na4 25. Nxb7 Nxb2 26. Bxc6 f6 27.
Bb5 Nd1 28. Na5 Bc5 29. Kf1 Nxf2 30. Bc4 Kf7 31. h3 Ne4 32. Ke2 Nd6 33. Bb3 Ke7
34. Nc6+ Kd7 35. Nb8+ Ke7 36. Nc6+ Kd7 37. Nb8+ Kc8 38. Na6 Ba3 39. c4 Kb7 40.
c5 Nb5 41. Bxe6 Kxa6 42. Bc8+ Ka5 43. c6 Kb6 0-1

[Event "AUTO-OPEN-2984"]
[Site "http://www.queenalice.com/game.php?id=1178909"]
[Date "2013.5.5"]
[Round "1"]
[White "simoneb78"]
[Black "josealexandreschultz"]
[Result "1-0"]
[WhiteElo "1500"]
[BlackElo "1586"]

1. d4 d5 2. c4 c6 3. Nf3 e6 4. Nc3 Bb4 5. e3 Nf6 6. Bd2 O-O 7. a3 Bxc3 8. Bxc3
Nbd7 9. Bd3 b6 10. Ne5 Nxe5 11. dxe5 Nd7 12. Qh5 f6 13. Bxh7+ 1-0

[Event "AUTO-OPEN-2984"]
[Site "http://www.queenalice.com/game.php?id=1178910"]
[Date "2013.5.5"]
[Round "1"]
[White "josealexandreschultz"]
[Black "simoneb78"]
[Result "0-1"]
[WhiteElo "1444"]
[BlackElo "1889"]

1. e4 e5 2. Nf3 Nc6 3. Bc4 Bc5 4. O-O d6 5. Nc3 Nf6 6. h3 Be6 7. d3 d5 8. Bb3
dxe4 9. Nxe4 Nxe4 10. dxe4 Qxd1 11. Rxd1 Nd4 12. Nxd4 Bxd4 13. c3 Bc5 14. Bc2
O-O 15. Bg5 f5 0-1

[Event "Challenge"]
[Site "http://www.queenalice.com/game.php?id=1183352"]
[Date "2013.5.21"]
[Round "-"]
[White "simoneb78"]
[Black "arkasha"]
[Result "1-0"]
[WhiteElo "1743"]
[BlackElo "1481"]

1. d4 d5 2. c4 c6 3. Nc3 Nf6 4. Nf3 e6 5. e3 Nbd7 6. Bd3 Bd6 7. O-O Ng4 8. e4
Bxh2+ 9. Nxh2 Nxh2 10. Kxh2 Qh4+ 11. Kg1 Nf6 12. f3 dxe4 13. Nxe4 Nxe4 14. fxe4
Bd7 15. Rf4 Qe7 16. e5 O-O-O 17. c5 h5 18. Qf3 Be8 19. Be3 g5 20. Rf6 g4 21. Qe4
Qf8 22. Raf1 g3 23. Rxe6 h4 24. Bg5 Rd7 25. Rxc6+ bxc6 26. Qxc6+ Rc7 27. Qa8+
Kd7 28. Bf5# 1-0

[Event "CHÃO DE GIZ XI"]
[Site "http://www.queenalice.com/game.php?id=1184449"]
[Date "2013.5.25"]
[Round "-"]
[White "perucona"]
[Black "simoneb78"]
[Result "1-0"]
[WhiteElo "1230"]
[BlackElo "1563"]

1. e4 c5 2. d4 cxd4 3. Qxd4 Nc6 4. Qd5 Nb4 5. Qd2 e5 6. c3 Qb6 7. cxb4 Bxb4 8.
Nc3 Nf6 9. a3 Nxe4 10. Qe3 Bxc3+ 11. bxc3 Qb3 12. Be2 d5 13. Bd1 Qxc3+ 14. Qxc3
Nxc3 15. Bb2 d4 16. Bxc3 dxc3 17. Bc2 b5 18. O-O-O a5 19. Ne2 b4 20. axb4 axb4
21. Be4 Ra1+ 22. Kc2 Ra2+ 23. Kd3 Ba6+ 24. Ke3 Rxe2+ 25. Kf3 O-O 26. Rb1 Rb8 27.
Rhc1 g6 28. Re1 f5 29. Bc2 e4+ 30. Kf4 Rxf2+ 31. Kg3 Rxc2 32. h3 Re2 33. Rxe2
Bxe2 34. Re1 c2 35. Rc1 Rc8 36. Kf2 Bd1 37. Ke3 b3 38. Ra1 1-0

[Event "Challenge"]
[Site "http://www.queenalice.com/game.php?id=1185641"]
[Date "2013.5.29"]
[Round "-"]
[White "arkasha"]
[Black "simoneb78"]
[Result "0-1"]
[WhiteElo "1499"]
[BlackElo "1889"]

1. e4 c5 2. Nf3 d6 3. d4 cxd4 4. Nxd4 e5 5. Nb3 Nf6 6. Nc3 Nc6 7. f3 Be6 8. Bb5
d5 9. exd5 Nxd5 10. Nxd5 Qxd5 11. Bxc6+ Qxc6 12. O-O Rd8 13. Qe1 Bc4 14. Qxe5+
Qe6 15. Qxe6+ fxe6 16. Bf4 Bxf1 17. Kxf1 Bd6 18. Bxd6 Rxd6 19. c3 Ke7 20. Nc5
Rd2 21. Re1 Rd6 22. Nxb7 Rd2 23. Nc5 Kd8 24. Nxe6+ Kc8 25. Nxg7 Rhd8 26. Re8
Rxe8 27. Nxe8 Rxb2 28. Nd6+ Kd7 29. Nc4 Rxa2 0-1

[Event "Challenge"]
[Site "http://www.queenalice.com/game.php?id=1189511"]
[Date "2013.6.10"]
[Round "-"]
[White "simoneb78"]
[Black "MGSCUCIATO"]
[Result "1-0"]
[WhiteElo "1789"]
[BlackElo "1410"]

1. d4 d5 2. c4 dxc4 3. Nf3 e5 4. e4 Nf6 5. Nxe5 Bd6 6. Bg5 Qd7 7. Nxd7 Bxd7 8.
e5 Bb4+ 9. Bd2 Nd5 10. Bxc4 Bc6 11. Bxb4 Nxb4 12. d5 Bd7 13. e6 fxe6 14. dxe6
Bc6 15. a3 N4a6 16. Bd5 Nc5 17. Qh5+ g6 18. Bxc6+ bxc6 19. Qxc5 a5 20. Nd2 Rf8
21. Qc3 Ra6 22. O-O-O Kd8 23. Nc4+ Ke7 24. Rhe1 c5 25. Qg7+ Ke8 26. e7 Nc6 27.
exf8=Q# 1-0

[Event "Challenge"]
[Site "http://www.queenalice.com/game.php?id=1189513"]
[Date "2013.6.10"]
[Round "-"]
[White "simoneb78"]
[Black "perucona"]
[Result "1-0"]
[WhiteElo "1857"]
[BlackElo "1366"]

1. d4 d5 2. c4 dxc4 3. Nf3 Nf6 4. e3 Nc6 5. Nc3 Bg4 6. Bxc4 Bxf3 7. Qxf3 e6 8.
Bd2 Rc8 9. Ne4 Bb4 10. Qg3 Bxd2+ 11. Nxd2 g6 12. O-O-O O-O 13. f3 Re8 14. Ne4
Re7 15. Nxf6+ Kg7 16. Qh4 h5 17. g4 Nb4 18. gxh5 Qh8 19. d5 gxh5 20. Rhg1+ Kh6
21. Qxh5# 1-0

[Event "AUTO-ADV-2882"]
[Site "http://www.queenalice.com/game.php?id=1192365"]
[Date "2013.6.19"]
[Round "1"]
[White "Rijo"]
[Black "simoneb78"]
[Result "1-0"]
[WhiteElo "1579"]
[BlackElo "1660"]

1. e4 c5 2. Bc4 e6 3. e5 d6 4. Nf3 Nc6 5. d3 b5 6. Bb3 Bb7 7. a4 a6 8. c4 Nb4 9.
cxb5 axb5 10. Nc3 Bc6 11. Be3 d5 12. Nxb5 Bxb5 13. axb5 Rxa1 14. Qxa1 Nxd3+ 15.
Ke2 c4 16. Ba4 Bc5 17. b6+ Ke7 18. Bxc5+ Nxc5 19. Qa3 Qxb6 20. Nd4 Kd8 21. Bc6
Nb7 22. Qa8+ Kc7 23. Qe8 Qxb2+ 24. Kf3 Qc3+ 25. Ke2 Qb2+ 26. Kf3 Qc3+ 27. Kg4
1-0

[Event "AUTO-ADV-2882"]
[Site "http://www.queenalice.com/game.php?id=1192366"]
[Date "2013.6.19"]
[Round "1"]
[White "simoneb78"]
[Black "Rijo"]
[Result "0-1"]
[WhiteElo "1694"]
[BlackElo "1558"]

1. e4 e5 2. Nf3 Nf6 3. Nc3 Bc5 4. Bc4 Ng4 5. d4 exd4 6. Nxd4 Qf6 7. Qxg4 Bxd4 8.
Qf3 Qxf3 9. gxf3 Bxc3+ 10. bxc3 Nc6 11. f4 O-O 12. Rg1 Kh8 13. Ba3 Re8 14. f3 d6
15. Bxf7 Rf8 16. Bh5 Rxf4 17. Bc1 Rh4 18. Bg4 Rxh2 19. Bd2 Ne5 20. O-O-O Bxg4
21. fxg4 Rh4 22. g5 Rxe4 23. Rdf1 g6 24. Rf6 a5 25. Bf4 Nf3 26. Rh1 Kg7 27. Rf1
Re1+ 28. Rxe1 Nxe1 0-1

[Event "AUTO-ADV-2882"]
[Site "http://www.queenalice.com/game.php?id=1192379"]
[Date "2013.6.19"]
[Round "1"]
[White "Barreto"]
[Black "simoneb78"]
[Result "1-0"]
[WhiteElo "1652"]
[BlackElo "1780"]

1. e4 c5 2. Nf3 d6 3. Bb5+ Nd7 4. d4 a6 5. Bc4 b5 6. Bd5 Rb8 7. Bc6 cxd4 8. Nxd4
e5 9. Nf5 g6 10. Nxd6+ Bxd6 11. Qxd6 Qf6 12. Bxd7+ Bxd7 13. Qxb8+ Ke7 14. Nc3
Qd6 15. Nd5+ Ke6 16. Nc7+ Ke7 17. Bg5+ f6 18. Nd5+ Ke6 19. Qxd6+ Kxd6 20. Bxf6
Nxf6 21. Nxf6 Bc6 22. O-O Ke6 23. Nd5 Bxd5 24. exd5+ Kxd5 25. Rad1+ Kc4 26. Rfe1
Re8 27. c3 a5 28. Re4+ Kc5 29. b4+ axb4 30. cxb4+ Kc6 31. Rc1+ Kd5 32. Rce1 g5
33. f3 h5 34. Rc1 Rb8 35. Rc5+ Ke6 36. Rexe5+ Kf6 37. Rxg5 1-0

[Event "AUTO-ADV-2882"]
[Site "http://www.queenalice.com/game.php?id=1192380"]
[Date "2013.6.19"]
[Round "1"]
[White "simoneb78"]
[Black "Barreto"]
[Result "1-0"]
[WhiteElo "1794"]
[BlackElo "1866"]

1. d4 g6 2. c4 Nf6 3. Nc3 Bg7 4. e4 O-O 5. e5 Nh5 6. g4 Nc6 7. gxh5 d6 8. d5
Nxe5 9. h6 Bf6 10. Bh3 Bf5 11. Bxf5 gxf5 12. Nf3 Nxf3+ 13. Qxf3 e5 14. Qxf5 Kh8
15. Rg1 Rg8 16. Rxg8+ Qxg8 17. Qxf6+ 1-0

[Event "AUTO-ADV-2882"]
[Site "http://www.queenalice.com/game.php?id=1192387"]
[Date "2013.6.19"]
[Round "1"]
[White "worldwide"]
[Black "simoneb78"]
[Result "1-0"]
[WhiteElo "1791"]
[BlackElo "1739"]

1. e4 e5 2. d4 exd4 3. Qxd4 Nc6 4. Qd1 Nf6 5. Nc3 Bb4 6. Bd2 d6 7. Bc4 Ne5 8.
Bb3 Bxc3 9. Bxc3 Nxe4 10. Qd5 Nxc3 11. bxc3 c6 12. Qe4 f5 13. Qe3 g5 14. Nf3 f4
15. Qe4 Qe7 16. O-O g4 17. Nxe5 dxe5 18. Rfe1 Rf8 19. Qxe5 Qxe5 20. Rxe5+ Kd8
21. Rd1+ Kc7 22. Re7+ Kb6 23. Rd4 a5 24. Rxh7 a4 25. Rb4+ Kc5 26. Rc4+ Kb5 27.
Rb4+ Kc5 28. Bxa4 Rd8 29. Rh5+ Rd5 30. Rxd5+ Kxd5 31. Bb3+ Ke5 32. g3 fxg3 33.
hxg3 b5 34. c4 1-0

[Event "AUTO-ADV-2882"]
[Site "http://www.queenalice.com/game.php?id=1192388"]
[Date "2013.6.19"]
[Round "1"]
[White "simoneb78"]
[Black "worldwide"]
[Result "0-1"]
[WhiteElo "1714"]
[BlackElo "1805"]

1. d4 d5 2. c4 Nf6 3. Nc3 e6 4. Bg5 Be7 5. e3 c6 6. Bd3 h6 7. Bh4 Na6 8. a3 Qb6
9. Na4 Qc7 10. Bg3 Bd6 11. Bxd6 Qxd6 12. c5 Qd7 13. Nf3 b5 14. Qe2 Qb7 15. Nc3
Nc7 16. Ne5 Nd7 17. a4 Nxe5 18. dxe5 b4 19. Na2 b3 20. Nc3 Qb4 21. O-O a5 22.
Qd2 Qxc5 23. Rfc1 Qb6 24. Ra3 O-O 25. Qd1 Rb8 26. Nb1 c5 27. Nd2 c4 28. Be2 Ba6
29. e4 Rfd8 30. Qf1 Qb4 31. Nxb3 Ra8 32. h3 cxb3 33. Rxc7 Bxe2 34. Qxe2 Rab8 35.
Qf3 Rf8 36. exd5 Qxa3 0-1